00926nam a2200277 a 450000100060000000300080000600500170001400800410003102000220007203500190009404000270011304100080014008200280014810000300017624500640020625000120027026000370028230000340031950400510035365000370040465000360044165000190047794200120049699900170050895201230052558969BD-RjUL20211209080659.0831214s1984 maub b 001 0 eng  a0316987727 (pbk.) a(BD-RjUL)59093 aDLCcDLCdBD-RjULbeng aeng00a327.0904 223bZiW 19841 aZiegler, David W.917534710aWar, peace, and international politics /cDavid W. Ziegler. a3rd ed. aBoston :bLittle, Brown,cc1984. axix, 458 p. :bill. ;c23 cm. aIncludes bibliographical references and index. 0aInternational relations.9172346 0aWar (International law)9175348 0aPeace.9175349 2ddccBK c58969d58969 00102ddc40718NFICaRUCLbRUCLcReadingd1988-05-29l0o327.0904 ZIW 1984r2016-12-20 00:00:00tC-1w2021-12-09yBK